• 首页
  • 本馆介绍
  • 公告通知
  • 最新文献
  • 馆藏检索
  • 电子资源
  • 读者导购
  • 参考咨询
  • 我的图书馆
  • 登录
  • 详细信息显示
  • 放入我的书架
  • 预约/预借图书
  • 作者相关作品
  • 分类相关作品
  • 丛书相关作品
  • 出版社相关作品

书目信息

  • 表格格式
  • 工作单格式
  • 卡片格式
题名:
神秘的鼹鼠
    
 
作者: 蓬托 著 ;火正德 译
分册:  
出版信息: 北京   世界知识出版社  1981
页数: 137页
开本: 19cm
丛书名:
单 册:
中图分类: D526
科图分类:
主题词: 国际政治
电子资源:
ISBN:
000 00772nam0 2200253 45
001 0181002722
005 20060925150858.79
010    @dCNY0.38
091    @a3003.1624
100    @a19950517d1981 em y0chiy0121 ea
101 1  @achi@cfre
102    @aCN@b110000
105    @af z 000yy
200 10 @a神秘的鼹鼠@Ashen mi de yan shu@e国际间谍战@EGuo Ji Jian Die Zhan@f(法)让-玛丽·蓬托著@F(Fa)Rang-MaLi·Peng Tuo Zhu@g火正德译
210    @a北京@c世界知识出版社@d1981
215    @a137页@c照片@d19cm
517    @a国际间谍战@AGuo Ji Jian Die Zhan
606 0  @a国际政治
690    @aD526@v3
701  1 @a蓬托@Apeng tuo@bJ-M.@4著
702  0 @a火正德@Ahuo zheng de@4译
801  2 @aCN@bNLC@c20060925
801  0 @aCN@b上海图书馆@c20060913
905    @dD526@e10@f1@b56947
    
    神秘的鼹鼠:国际间谍战/(法)让-玛丽·蓬托著/火正德译.-北京:世界知识出版社,1981
    137页:照片;19cm
    
    
    ISBN :CNY0.38
    
●
相关链接 在E读中查询图书 在五车中查询图书 在当当中查询图书 在豆瓣中查询图书


正题名:神秘的鼹鼠     索取号:D526/10         预约/预借

序号 登录号 条形码 馆藏地/架位号 状态 备注
1 0056946   001922110   密集书库/ [索取号:D526/10] 在馆    
2 0056947   000482294   第一样本阅览室/ [索取号:D526/10] 在馆    
3 0056948   001798816   密集书库/ [索取号:D526/10] 在馆    
4 0056949   001919428   密集书库/ [索取号:D526/10] 在馆    
5 0056950   001797997   密集书库/ [索取号:D526/10] 在馆    
6 0422379   204223795   密集书库/ [索取号:D526/10] 在馆    
7 0440666   204406669   密集书库/ [索取号:D526/10] 在馆    
8 0440667   204406678   密集书库/ [索取号:D526/10] 在馆    
9 0447206   204472061   密集书库/ [索取号:D526/10] 在馆    
10 0469302   204693028   密集书库/ [索取号:D526/10] 在馆    
11 0474319   204743199   密集书库/ [索取号:D526/10] 在馆    
唐山师范学院图书馆 欢迎您!
大连网信软件有限公司© 版权所有